[Event "Italia Scacchistica B"]
[Site "?"]
[Date "1999.??.??"]
[Round "?"]
[White "Bianchi Maurizio"]
[Black "Giorgetti Fosco"]
[Result "0-1"]
[WhiteElo "1840"]
[BlackElo "1875"]
[PlyCount "74"]
[EventDate "1999.??.??"]
[Source "www.chesslib.no"]
[SourceDate "2004.05.04"]

1. e4 c6 2. d4 d5 3. Nc3 b5 4. e5 Bf5 5. Nf3 e6 6. Ne2 Nd7 7. Ng3 Bg4 8. c3 Qb6 9. Be2 c5 10. O-O Ne7 11. dxc5 Nxc5 12. Be3 Bxf3 13. Bxf3 Qc7 14. Qe2 Nd7 15. Bd4 Nc6 16. Rfe1 Nxd4 17. cxd4 Qb6 18. Qd3 Be7 19. a4 bxa4 20. Rxa4 O-O 21. Ra6 Qb7 22. Rea1 Nb8 23. R6a4 Nc6 24. Bd1 Rfc8 25. Bc2 g6 26. Qd2 Rc7 27. Bd3 Rb8 28. Rc1 Qb3 29. Ra6 Rbc8 30. Rc3 Bb4 31. Rxb3 Bxd2 32. Ra4 a5 33. Ba6 Rb8 34. Rb5 Rxb5 35. Bxb5 Na7 36. Bd3 Rb7 37. Ra2 Nc6 0-1

[Event "Corr"]
[Site "?"]
[Date "1996.??.??"]
[Round "?"]
[White "Hunt John Andrew"]
[Black "Field Kenneth"]
[Result "0-1"]
[WhiteElo "1670"]
[BlackElo "1820"]
[PlyCount "72"]
[EventDate "1996.??.??"]
[Source "www.chesslib.no"]
[SourceDate "2004.05.04"]

1. e4 c6 2. d4 d5 3. Nc3 b5 4. exd5 b4 5. Nce2 cxd5 6. c3 e6 7. Nf3 Nf6 8. Bf4 Be7 9. Rc1 O-O 10. cxb4 Bxb4+ 11. Nc3 Ne4 12. Bd3 Qa5 13. Qb3 Ba6 14. Bxa6 Bxc3+ 15. bxc3 Qxa6 16. Rc2 Nd7 17. Nd2 Nxd2 18. Rxd2 Rfc8 19. f3 Nb6 20. Kf2 Rc4 21. Rb1 Rcc8 22. Rc2 Qd3 23. Rbc1 Nc4 24. g4 a5 25. a4 Ra6 26. Qb7 Rac6 27. Kg3 f6 28. Qb5 g5 29. Bd2 h5 30. h3 Qh7 31. Qb3 h4+ 32. Kf2 Rb6 33. Qa2 Rcb8 34. Rd1 Rb2 35. Rxb2 Rxb2 36. Qa1 Qd3 0-1

[Event "Erlangen (31.10.-02.11)"]
[Site "?"]
[Date "2003.??.??"]
[Round "1.17"]
[White "Ulmer Micha"]
[Black "Koksch Robert"]
[Result "0-1"]
[WhiteElo "1553"]
[BlackElo "1893"]
[PlyCount "128"]
[EventDate "2003.??.??"]
[Source "www.chesslib.no"]
[SourceDate "2004.05.04"]

1. e4 c6 2. d4 d5 3. Nc3 b5 4. a3 dxe4 5. Nxe4 Nf6 6. Nxf6+ exf6 7. Be3 Be6 8. Bd3 Bd6 9. Nf3 Nd7 10. O-O Qc7 11. Rc1 O-O 12. c4 bxc4 13. Bxc4 Bxc4 14. Rxc4 Nb6 15. Rc1 Nd5 16. Qa4 Rac8 17. Rc2 Qd7 18. Rfc1 Nb6 19. Qa6 Rc7 20. d5 Nxd5 21. Rxc6 Nxe3 22. fxe3 Rfc8 23. Rxc7 Rxc7 24. Rxc7 Qxc7 25. Qb5 g6 26. Qe2 Bc5 27. Kf1 f5 28. g3 Qe7 29. Kf2 Qe4 30. Ng5 Qd5 31. Nf3 h6 32. Nh4 Be7 33. Ng2 Bf6 34. Qc2 Qa2 35. Nf4 Qxb2 36. Qxb2 Bxb2 37. a4 Kg7 38. Nd5 Ba3 39. Kf3 g5 40. h3 Kg6 41. Kf2 f6 42. Kf3 h5 43. Kf2 Kf7 44. Nc7 Ke7 45. Kf3 Kd7 46. Nd5 Ke6 47. Nc7+ Ke5 48. Nb5 Bc5 49. Nc3 a6 50. h4 Bb4 51. Na2 Be1 52. Nc1 g4+ 53. Kg2 Ke4 54. Ne2 Bd2 55. Nf4 Bxe3 56. Nxh5 Ke5 57. Kh2 f4 58. gxf4+ Bxf4+ 59. Nxf4 Kxf4 60. Kg2 f5 61. a5 Ke5 62. Kf2 f4 63. Kg2 Kf5 64. Kf2 Kg6 0-1

[Event "Charlesbourg"]
[Site "?"]
[Date "2004.07.19"]
[Round "1"]
[White "Gagnon Francois"]
[Black "Bisson Real"]
[Result "1-0"]
[WhiteElo "1317"]
[BlackElo "1775"]
[PlyCount "37"]
[EventDate "2004.??.??"]
[Source "www.chesslib.no"]
[SourceDate "2004.05.04"]

1. e4 c6 2. d4 d5 3. Nc3 b5 4. exd5 b4 5. Na4 Qxd5 6. c4 Qe4+ 7. Be3 e5 8. Nf3 exd4 9. Bd3 Qe6 10. Nxd4 Qe5 11. Qf3 Qc7 12. O-O Nf6 13. Bf4 Bd6 14. Rfe1+ Kf8 15. Bxd6+ Qxd6 16. Bf5 Nbd7 17. Nb5 cxb5 18. Qxa8 Nb6 19. Nxb6 1-0

[Event "Bad Zwischenahn(17.11.-29.11)"]
[Site "?"]
[Date "2003.11.29"]
[Round "6"]
[White "Schulz Hermann[35Uelzen"]
[Black "Bromberger Guenter"]
[Result "1/2-1/2"]
[WhiteElo "1584"]
[BlackElo "1413"]
[PlyCount "40"]
[EventDate "2003.??.??"]
[Source "www.chesslib.no"]
[SourceDate "2004.05.04"]

1. e4 c6 2. d4 d5 3. Nc3 b5 4. a3 dxe4 5. Nxe4 e6 6. Nf3 Nf6 7. Bd3 Bb7 8. O-O Be7 9. Re1 O-O 10. c3 Nbd7 11. Bf4 a6 12. Qc2 Nd5 13. Bg3 h6 14. Nd6 Bxd6 15. Bxd6 Re8 16. Bg3 c5 17. Qd2 Ne7 18. Qe2 c4 19. Be4 Bxe4 20. Qxe4 Ng6 1/2-1/2